Govt. of
Madhya Pradesh

लोक प्रशासन (Record no. 30496)

MARC details
000 -LEADER
fixed length control field 005460000a22001810004500
003 - CONTROL NUMBER IDENTIFIER
control field MACL
005 - DATE AND TIME OF LATEST TRANSACTION
control field 20160210124819.0
008 - FIXED-LENGTH DATA ELEMENTS--GENERAL INFORMATION
fixed length control field 160129b xxu||||| |||| 00| 0 eng d
040 ## - CATALOGING SOURCE
Original cataloging agency MACL
Transcribing agency MACL
041 ## - LANGUAGE CODE
Language code of text/sound track or separate title Hindi
082 ## - DEWEY DECIMAL CLASSIFICATION NUMBER
Classification number 351/FAD
100 ## - MAIN ENTRY--PERSONAL NAME
Personal name फडिया डॉ. कूलदीप
9 (RLIN) 35326
245 ## - TITLE STATEMENT
Title लोक प्रशासन
260 ## - PUBLICATION, DISTRIBUTION, ETC. (IMPRINT)
Name of publisher, distributor, etc. साहित्‍य भवन पब्लिकेशन्‍स
Place of publication, distribution, etc. आगरा
350 ## - PRICE (NR) (BK AM CF MU VM SE) [OBSOLETE]
Price 120
650 ## - SUBJECT ADDED ENTRY--TOPICAL TERM
Topical term or geographic name as entry element Public Administration
9 (RLIN) 35327
942 ## - ADDED ENTRY ELEMENTS (KOHA)
Koha item type Hindi Books
Call number prefix 651/ FAD
Source of classification or shelving scheme
Holdings
Withdrawn status Lost status Source of classification or shelving scheme Damaged status Not for loan Home library Current library Date acquired Cost, normal purchase price Total Checkouts Full call number Barcode Date last seen Uniform Resource Identifier Price effective from Koha item type
          MACL MACL 29/04/2015 120.00   651/ FAD CLC000694 29/04/2015 30545 15/04/2015 Books